| 000 | 005380000a22001810004500 | ||
|---|---|---|---|
| 041 | 0 | _aSPA | |
| 082 | 0 | 4 | _aG 232 S6132d |
| 100 | 1 | _aSimpson, A. B. | |
| 245 | 1 | 0 | _aCristo en los Salmos / A. B. Simpson ; Henry Wagoner, Traductor |
| 260 | _aNew York, N. Y., USA : Alianza Cristiana y Misionera | ||
| 300 | _a196 Pag | ||
| 650 | 1 | 4 | _aJESUCRISTO \ INTERPRETACION DE LA BIBLIA A.T. - SALMOS |
| 001 | 4012 | ||
| 942 | _cBK | ||
| 999 |
_c34629 _d34629 |
||
| 336 |
_atexto _btxt _2rdacontent |
||
| 337 |
_2rdamedia _asin mediación _bn |
||
| 338 |
_2rdacarrier _avolumen _bnc |
||